00676nam a2200157 a 450000100100000000500170001000800410002702000150006804000250008308200130010811101300012124501370025126000720038830000280046070000300048800004191920201002035830.0131022s1986 sp 000 0 spa d a8400062523 aDO-SdBNPbspacBNPHU axxxbxxx1 aReunión de Parlamentarios Iberoamericanos sobre Ciencia y Tecnologían(11 al 15 de noviembre :d1985cMadrid y Salamanca)10aSesiones de la reunión de parlamentarios iberoamericanos sobre ciencia y tecnología /cedición a cargo de Alíder Cragnolini. aMadrid :bConsejo Superior de Investigaciones Científicas,c1986. a295 p. :bil. ;c24 cm.12aCragnolini, Alídereed.